[Event "Foz do Iguacu op 1st"]
[Site "Foz do Iguacu"]
[Date "2013.12.13"]
[Round "3"]
[White "Noseda, Francesco"]
[Black "Assis, Washington Luis Lin"]
[Result "1/2-1/2"]
[WhiteElo "1976"]
[BlackElo "1790"]
[PlyCount "59"]
[EventDate "2013.12.12"]
[EventType "swiss"]
[EventRounds "7"]
[EventCountry "BRA"]
[SourceTitle "CBM 158 Extra"]
[Source "ChessBase"]
[SourceDate "2014.02.28"]
[SourceVersion "1"]
[SourceVersionDate "2014.02.28"]
[SourceQuality "1"]

1. e4 e5 2. f4 exf4 3. Nf3 d5 4. exd5 Qxd5 5. Nc3 Qd8 6. d4 Bd6 7. Bd3 Ne7 8. 0-0 0-0 9. Ng5 Bf5 10. Bxf4 Bxd3 11. Qxd3 Ng6 12. Bxd6 Qxd6 13. Nxf7 Rxf7 14. Rxf7 Kxf7 15. Qf3+ Kg8 16. Qxb7 Qc6 17. Qc8+ Nf8 18. d5 Qa6 19. Qxc7 Qb6+ 20. Qxb6 axb6 21. Kf2 Nbd7 22. Ke3 Nf6 23. Kd4 N8d7 24. Nb5 Re8 25. Nc3 Kf8 26. Rf1 Re5 27. Rf2 Ke7 28. Re2 Rxe2 29. Nxe2 b5 30. a3 1/2-1/2

[Event "Sao Paulo Braga op"]
[Site "Sao Paulo"]
[Date "2011.04.22"]
[Round "5"]
[White "Assis, Washington Luis Lin"]
[Black "Lopes, Adevaldo Alves"]
[Result "1-0"]
[WhiteElo "1802"]
[BlackElo "2142"]
[PlyCount "136"]
[EventDate "2011.04.20"]
[EventType "swiss"]
[EventRounds "9"]
[EventCountry "BRA"]
[SourceTitle "EXT 2022"]
[Source "ChessBase"]
[SourceDate "2021.10.06"]
[SourceVersion "1"]
[SourceVersionDate "2021.10.06"]
[SourceQuality "1"]

1. c4 Nf6 2. Nc3 g6 3. g3 Bg7 4. Bg2 0-0 5. Nf3 d6 6. 0-0 e5 7. d3 Nbd7 8. Qc2 c6 9. e4 Re8 10. Rb1 a5 11. b3 Nc5 12. Be3 Ne6 13. Na4 c5 14. Bd2 Bd7 15. Nc3 Qc8 16. Qc1 Nd4 17. Nxd4 cxd4 18. Nd5 Nxd5 19. exd5 f5 20. Re1 Re7 21. Bg5 Rf7 22. Qa3 Qf8 23. Qc1 f4 24. gxf4 h6 25. Bh4 exf4 26. f3 g5 27. Bf2 Bf5 28. Qd2 h5 29. h3 Be5 30. Kf1 b6 31. Ke2 g4 32. hxg4 hxg4 33. fxg4 f3+ 34. Bxf3 Bf4 35. gxf5 Bxd2 36. Rg1+ Rg7 37. Rxg7+ Kxg7 38. Bxd4+ Kf7 39. Kxd2 Qh6+ 40. Kc3 Qh3 41. Be4 Rg8 42. Rh1 Qg3 43. Bxb6 Rg4 44. Rg1 Qf4 45. Rh1 Rg3 46. Kc2 Qg4 47. Bxa5 Qe2+ 48. Bd2 Re3 49. Re1 Qxe1 50. Bxe1 Rxe1 51. a4 Re2+ 52. Kc3 Ra2 53. Kb4 Ke7 54. Kb5 Rb2 55. b4 Kd7 56. c5 dxc5 57. Kxc5 Rc2+ 58. Kb5 Rc7 59. a5 Rb7+ 60. Ka4 Kd6 61. a6 Rb6 62. Ka5 Kc7 63. b5 Rh6 64. d6+ Rxd6 65. a7 Rd8 66. a8Q Rxa8+ 67. Bxa8 Kb8 68. Be4 Kc7 1-0